000 00255nam a22001097a 4500
008 170118b xxu||||| |||| 00| 0 eng d
020 _a0201516608
041 _aeng
080 _24TH
_a618.2
245 _aFUNDAMENTALS OF NURSING
_cSIMS, L.K
942 _2udc
_cBK
999 _c3105
_d3105